00936nam a22002417a 450000500170000001000130001702000230003003500130005303700160006604000120008208200180009424501100011226000560022227000320027830000250031065000340033565000290036970000250039870000290042394200270045299900190047995201960049820170124110029.0 aA-943040 c125.00a8173420467 aA-943040 bCen Lib/Ret aDPLbEN a401.0954bGOA aGoals and strategies of development of Indian languages /cedited by B. D. Jayaram [and] K. S. Rajyashree aMysorebCentral Institute of Indian languagesc1998 aVinoba RoadbMysoree570006 aviii,281p.c23cm(Hb) aLanguage and languages921214 aLanguage planning921215 aJayaram, B. D921216 a Rajyashree, K. S921217 2ddccENh401.0954mGOA c127683d127683 04104070aLbLd2015-06-30eCen Lib/Ret g125.00l0o401.0954 GOApA-943040r2015-06-30 00:00:00t1v125.00w2015-06-30yENzWritten off on approval by DLB (By Circulation); dtd 15-06-2023